|
|
|
|
| LEADER |
00000nam0a2200000 4500 |
| 001 |
213758 |
| 005 |
20231101225836.0 |
| 010 |
|
|
|a 9785996701490
|
| 035 |
|
|
|a (RuTPU)RU\TPU\book\233584
|
| 090 |
|
|
|a 213758
|
| 100 |
|
|
|a 20120418d2011 k y0rusy50 ca
|
| 101 |
0 |
|
|a rus
|
| 102 |
|
|
|a RU
|
| 105 |
|
|
|a a z 001zy
|
| 200 |
1 |
|
|a Расчет миграции влаги в сырой песчано-глинистой литейной форме
|e монография
|f А. С. Савинов, А. С. Тубольцева
|
| 210 |
|
|
|a Магнитогорск
|c Изд-во Магнитогорского ГТУ
|d 2011
|
| 215 |
|
|
|a 99 с.
|c ил.
|
| 320 |
|
|
|a Библиогр.: с. 88-90.
|
| 330 |
|
|
|a Обобщены сведения о существующих теориях расчета движения фронта влажности в сырой песчано-глинистой форме под воздействием теплового потока охлаждающейся отливки. Рассмотрен физико-аналитический метод расчета зон испарения и конденсации в слое формовочной смеси. Представлена модель расчета теплового поля сырой песчано-глинистой формы. Дано экспериментальное подтверждение расчетных моделей. нига предназначена для инженерно-технических работников металлургических предприятий, специалистов, занимающихся вопросами литейного производства, может быть полезна преподавателям, аспирантам и студентам вузов, специализирующихся в области получения изделий литым способом.
|
| 606 |
1 |
|
|a Формовочные смеси
|x Влажность
|x Автоматическое регулирование
|2 stltpush
|3 (RuTPU)RU\TPU\subj\64124
|9 81048
|
| 610 |
1 |
|
|a песчано-глинистые литейные формы
|
| 610 |
1 |
|
|a сырые литейные формы
|
| 610 |
1 |
|
|a конденсация
|
| 610 |
1 |
|
|a расчеты
|
| 610 |
1 |
|
|a влажность
|
| 610 |
1 |
|
|a движение
|
| 610 |
1 |
|
|a экспериментальные исследования
|
| 610 |
1 |
|
|a физико-аналитические методы
|
| 610 |
1 |
|
|a тепловое состояние
|
| 610 |
1 |
|
|a моделирование
|
| 610 |
1 |
|
|a нагрев
|
| 610 |
1 |
|
|a математические модели
|
| 610 |
1 |
|
|a экспериментальная проверка
|
| 610 |
1 |
|
|a монографии
|
| 675 |
|
|
|a 621.742.4
|v 3
|
| 700 |
|
1 |
|a Савинов
|b А. С.
|g Александр Сергеевич
|
| 701 |
|
1 |
|a Тубольцева
|b А. С.
|g Алена Сергеевна
|
| 801 |
|
1 |
|a RU
|b 63413507
|c 20120418
|
| 801 |
|
2 |
|a RU
|b 63413507
|c 20131014
|g RCR
|
| 942 |
|
|
|c BK
|